00298nam a2200121Ia 4500008004100000041000800041082001400049100001900063245002700082260002900109300003100138365000700169240624s9999 xx 000 0 und d aeng a158.7 GOL aGOLEMAN DANIEL aEMOTIONAL INTELLIGENCE c1995aLondonbBloomsbury axiv, : 352 : p. : cm. ; 22 cRS